| 000 | 00697nam a2200193 u 4500 | ||
|---|---|---|---|
| 001 | 000634629 | ||
| 003 | AM-YeHGA | ||
| 005 | 20250617140559.0 | ||
| 008 | 090220s1987 ru r 000 0 rus d | ||
| 040 | _aAM-YeHGA | ||
| 041 | 0 | _arus | |
| 100 | 1 | _aБратута, Эдуард Георгивич | |
| 245 | 1 | 0 |
_aДиагностика капельных потоков при внешних воздействиях / _cЭ. Г. Братута. |
| 260 |
_aХарьков : _bВища школа, _c1987. |
||
| 300 |
_a144 с. : _bил. |
||
| 504 | _aБиблогр. : с. 141-144 | ||
| 653 | 0 | _aПневматические двигатели - Ветродвигатели | |
| 090 | _c224056 | ||
| 999 |
_c222521 _d222521 |
||